Indus clues to an ancient civilization (Record no. 5531)

MARC details
000 -LEADER
fixed length control field 00600nam a22002057a 4500
005 - DATE AND TIME OF LATEST TRANSACTION
control field 20250519131359.0
008 - FIXED-LENGTH DATA ELEMENTS--GENERAL INFORMATION
fixed length control field 250519b |||||||| |||| 00| 0 eng d
040 ## - CATALOGING SOURCE
Transcribing agency DepED Dasmarinas City
245 ## - TITLE STATEMENT
Title Indus clues to an ancient civilization
250 ## - EDITION
Edition statement June 2000 Vol. 197 No. 6
490 ## - SERIES STATEMENT
SERIES STATEMENT National Geographic
520 ## - SUMMARY, ETC.
Summary, etc. London, Debut Sue, Suriname, Sierra Madre Pilgrimage, Jelly Bellies, In Focus: Golan Heights, Indus Civilization
650 ## - SUBJECT ADDED ENTRY--TOPICAL TERM
General subdivision T. REX
650 ## - SUBJECT ADDED ENTRY--TOPICAL TERM
General subdivision FOREST
650 ## - SUBJECT ADDED ENTRY--TOPICAL TERM
General subdivision SIERRA MADRE
650 ## - SUBJECT ADDED ENTRY--TOPICAL TERM
General subdivision GOLAN HEIGHTS
650 ## - SUBJECT ADDED ENTRY--TOPICAL TERM
General subdivision JELLYFISH
650 ## - SUBJECT ADDED ENTRY--TOPICAL TERM
General subdivision CIVILIZATION
942 ## - ADDED ENTRY ELEMENTS (KOHA)
Source of classification or shelving scheme Dewey Decimal Classification
Koha item type Continuing Resources
999 ## -
-- 5531
-- 5531
Holdings
Homebranch current branch Barcode
DepED Dasmarinas City DepED Dasmarinas City DSMSR062000-053